Normal view
MARC view
- Naeem, Muhammad
Entry Personal Name
001 - CONTROL NUMBER
- control field: 125996
003 - CONTROL NUMBER IDENTIFIER
- control field: NUST
005 - DATE AND TIME OF LATEST TRANSACTION
- control field: 20240923141632.0
008 - FIXED-LENGTH DATA ELEMENTS
- fixed length control field: 240923|| aca||aabn | a|a d
040 ## - CATALOGING SOURCE
- Original cataloging agency: NUST
- Transcribing agency: NUST
100 ## - HEADING--PERSONAL NAME
- Personal name: Naeem, Muhammad
670 ## - SOURCE DATA FOUND
- Source citation: Work cat.: (NUST): Naeem, Muhammad, Design and Simulation of an AI-Assisted Autonomous UAV-Surveillance System /
